| 000 | 00434nam a22001697a 4500 | ||
|---|---|---|---|
| 005 | 20230128122946.0 | ||
| 008 | 220225b ||||| |||| 00| 0 eng d | ||
| 020 | _a81-85731-04-7 | ||
| 041 | _aeng | ||
| 082 |
_a615.19 _bMIT-T |
||
| 100 |
_aMITAL, B.M _97225 |
||
| 245 | _aA TEXTBOOK OF PHARMACEUTICAL FORMULATION | ||
| 260 |
_aDELHI _bVALLABH PRAKASHAN _c1997 |
||
| 300 | _a392;p | ||
| 650 |
_aPHARMACY _xD.PHARMA _97090 |
||
| 942 | _cBK | ||
| 999 |
_c7977 _d7975 |
||